[Event "Isla de La Palma Torneo Sub 2300"]
[Site "Isla de La Palma ESP"]
[Date "2005.06.03"]
[Round "1.1"]
[White "Lacrosse, Marc"]
[Black "Lopez Pereyra, Antonio"]
[Result "1-0"]
[WhiteElo "2289"]
[BlackElo "2165"]
[PlyCount "49"]
[EventDate "2005.06.03"]
[EventType "swiss"]
[EventRounds "9"]
[EventCountry "ESP"]
[Source "lmi"]
[SourceDate "2005.06.11"]

1. d4 f5 2. g3 Nf6 3. Bg2 d6 4. Nf3 g6 5. O-O Bg7 6. c4 O-O 7. Nc3 Nc6 8. d5
Ne5 9. Nxe5 dxe5 10. Qb3 Kh8 11. Rd1 h6 12. Bd2 g5 13. c5 a6 14. Be1 Qe8 15. d6
exd6 16. cxd6 cxd6 17. Rxd6 Qe7 18. Rad1 e4 19. Qb6 f4 20. Nd5 Nxd5 21. Rxh6+
Kg8 22. Rxd5 Bxh6 23. Qxh6 Rf5 24. Bxe4 Be6 25. Rxf5 1-0

[Event "Isla de La Palma Torneo Sub 2300"]
[Site "Isla de La Palma ESP"]
[Date "2005.06.03"]
[Round "1.2"]
[White "Perez Felipe, Marcos Adrian"]
[Black "Cruz, Alfredo"]
[Result "0-1"]
[WhiteElo "2158"]
[BlackElo "2287"]
[PlyCount "62"]
[EventDate "2005.06.03"]
[EventType "swiss"]
[EventRounds "9"]
[EventCountry "ESP"]
[Source "lmi"]
[SourceDate "2005.06.11"]

1. d4 Nf6 2. c4 e6 3. Nc3 Bb4 4. a3 Bxc3+ 5. bxc3 d6 6. e3 O-O 7. Bd3 e5 8. e4
c5 9. Ne2 Nc6 10. d5 Na5 11. Ng3 h6 12. Rb1 Rb8 13. O-O Re8 14. h3 b6 15. Qf3
a6 16. Bd2 Bd7 17. Rb2 Rf8 18. Rfb1 Kh7 19. Kh2 g6 20. Qe3 Ng8 21. f4 f6 22. f5
Be8 23. Kg1 Rf7 24. Kf2 Rfb7 25. Rh1 Kg7 26. h4 Kf8 27. h5 gxh5 28. Nxh5 b5 29.
cxb5 axb5 30. Qg3 Bxh5 31. Rxh5 Nc4 0-1

[Event "Isla de La Palma Torneo Sub 2300"]
[Site "Isla de La Palma ESP"]
[Date "2005.06.03"]
[Round "1.3"]
[White "De La Cruz Sanchez, Gustavo"]
[Black "Natalicchio Escalante, Nicolas"]
[Result "1/2-1/2"]
[WhiteElo "2279"]
[BlackElo "2153"]
[PlyCount "59"]
[EventDate "2005.06.03"]
[EventType "swiss"]
[EventRounds "9"]
[EventCountry "ESP"]
[Source "lmi"]
[SourceDate "2005.06.11"]

1. e4 c5 2. Nf3 d6 3. c3 Nf6 4. h3 Nc6 5. Bd3 g6 6. Bc2 Bg7 7. O-O O-O 8. d4
cxd4 9. cxd4 Nb4 10. Bb3 d5 11. e5 Ne4 12. Nc3 Nxc3 13. bxc3 Nc6 14. Bf4 Na5
15. Qc1 Bf5 16. Bh6 Rc8 17. Qe3 Qd7 18. Rfc1 Rc7 19. Qf4 Rfc8 20. Qh4 f6 21.
exf6 exf6 22. Bd2 Re8 23. Re1 Rcc8 24. Qf4 g5 25. Qg3 h6 26. Nh2 Rxe1+ 27. Rxe1
Nxb3 28. axb3 Re8 29. Nf1 Rxe1 30. Bxe1 1/2-1/2

[Event "Isla de La Palma Torneo Sub 2300"]
[Site "Isla de La Palma ESP"]
[Date "2005.06.03"]
[Round "1.4"]
[White "Aguilar Sevilla, Diego"]
[Black "Martin Ojeda, Juan Manuel"]
[Result "1-0"]
[WhiteElo "2136"]
[BlackElo "2268"]
[PlyCount "82"]
[EventDate "2005.06.03"]
[EventType "swiss"]
[EventRounds "9"]
[EventCountry "ESP"]
[Source "lmi"]
[SourceDate "2005.06.11"]

1. e4 e6 2. d4 d5 3. Nc3 Bb4 4. exd5 exd5 5. Bd3 Nc6 6. a3 Bxc3+ 7. bxc3 Nce7
8. Qf3 Nf6 9. Bg5 Bg4 10. Qf4 Qd7 11. Bxf6 gxf6 12. Qxf6 O-O-O 13. Nf3 Ng6 14.
O-O Qd6 15. Qxd6 Rxd6 16. Ng5 Rf6 17. h3 Bd7 18. Rfe1 h6 19. Nxf7 Rxf7 20. Bxg6
Rg7 21. Bd3 Bxh3 22. Kh2 Bd7 23. Re5 h5 24. Rae1 h4 25. Re7 Rxe7 26. Rxe7 Rf8
27. f3 h3 28. gxh3 Rxf3 29. Rh7 Kd8 30. Kg2 Rf6 31. h4 Bf5 32. Bxf5 Rxf5 33.
Rg7 Rf6 34. h5 b5 35. Rg6 Rf5 36. h6 Rh5 37. Kg3 Ke8 38. Kg4 Rh2 39. Rg7 c6 40.
Kg5 Rg2+ 41. Kf5 Rh2 1-0

[Event "Isla de La Palma Torneo Sub 2300"]
[Site "Isla de La Palma ESP"]
[Date "2005.06.03"]
[Round "1.5"]
[White "Vega Gutierrez, Sabrina Neide"]
[Black "Perez Aleman, Pedro Tomys"]
[Result "1/2-1/2"]
[WhiteElo "2253"]
[BlackElo "2134"]
[PlyCount "22"]
[EventDate "2005.06.03"]
[EventType "swiss"]
[EventRounds "9"]
[EventCountry "ESP"]
[Source "lmi"]
[SourceDate "2005.06.11"]

1. e4 c5 2. Nf3 Nc6 3. Nc3 g6 4. Bb5 Nd4 5. Bc4 a6 6. a4 e6 7. d3 d6 8. O-O Ne7
9. Ba2 Bg7 10. h3 Rb8 11. Nh2 b5 1/2-1/2

[Event "Isla de La Palma Torneo Sub 2300"]
[Site "Isla de La Palma ESP"]
[Date "2005.06.03"]
[Round "1.6"]
[White "Ortells Perez, Victor Manuel"]
[Black "Palacios Perez, Manuel"]
[Result "1-0"]
[WhiteElo "2119"]
[BlackElo "2248"]
[PlyCount "57"]
[EventDate "2005.06.03"]
[EventType "swiss"]
[EventRounds "9"]
[EventCountry "ESP"]
[Source "lmi"]
[SourceDate "2005.06.11"]

1. d4 Nf6 2. Nf3 e6 3. g3 b6 4. Bg2 Bb7 5. O-O c5 6. dxc5 Bxc5 7. c4 O-O 8. Nc3
Ne4 9. Na4 Be7 10. b3 Na6 11. Bb2 Nac5 12. Nxc5 bxc5 13. Qc2 f5 14. Rad1 Qc7
15. Nd2 d5 16. cxd5 exd5 17. Nb1 Rad8 18. Nc3 Bc6 19. e3 Qb7 20. Ne2 d4 21.
exd4 Nxg3 22. Bxc6 Nxe2+ 23. Qxe2 Qxc6 24. Qxe7 Qf3 25. Qe3 Qg4+ 26. Qg3 Qe2
27. Rfe1 Qh5 28. d5 Rd7 29. f4 1-0

[Event "Isla de La Palma Torneo Sub 2300"]
[Site "Isla de La Palma ESP"]
[Date "2005.06.03"]
[Round "1.8"]
[White "Draghici Flutur, Gavril"]
[Black "Morales Camacho, Julian"]
[Result "0-1"]
[WhiteElo "2110"]
[BlackElo "2226"]
[PlyCount "91"]
[EventDate "2005.06.03"]
[EventType "swiss"]
[EventRounds "9"]
[EventCountry "ESP"]
[Source "lmi"]
[SourceDate "2005.06.11"]

1. e4 c5 2. Nf3 g6 3. d4 Bg7 4. Nc3 Nf6 5. Bc4 cxd4 6. Nxd4 O-O 7. O-O d6 8.
Bg5 Nc6 9. Re1 Qa5 10. Nd5 Nxd5 11. Nxc6 bxc6 12. exd5 e6 13. Be7 cxd5 14. Bxf8
Kxf8 15. Bb3 Bxb2 16. Rb1 Bc3 17. Re3 Bd7 18. Qf3 Rc8 19. Rd1 Kg7 20. Qg3 Qc5
21. Qh4 Bf6 22. Qg3 a5 23. Rf3 Be5 24. Qh4 Be8 25. a4 Qc7 26. g4 Qd8 27. g5 Rb8
28. Rh3 Rb4 29. Qxh7+ Kf8 30. Rg3 Bxg3 31. hxg3 Qxg5 32. Qh8+ Ke7 33. Qc3 Kd7
34. Qd3 Rb6 35. c4 dxc4 36. Bxc4 Ke7 37. Bb3 Qc5 38. Rd2 Bc6 39. Bd1 Rb8 40.
Rc2 Qd5 41. Qxd5 Bxd5 42. Kf1 Rb1 43. Ke2 Rxd1 44. Kxd1 Bb3 45. Kd2 Bxc2 46.
Kxc2 0-1

[Event "Isla de La Palma Torneo Sub 2300"]
[Site "Isla de La Palma ESP"]
[Date "2005.06.03"]
[Round "1.9"]
[White "Pinto Henriquez, Rodrigo"]
[Black "Martin Martin, Francisco"]
[Result "1-0"]
[WhiteElo "2221"]
[BlackElo "2105"]
[PlyCount "120"]
[EventDate "2005.06.03"]
[EventType "swiss"]
[EventRounds "9"]
[EventCountry "ESP"]
[Source "lmi"]
[SourceDate "2005.06.11"]

1. d4 Nf6 2. c4 e6 3. Nf3 b6 4. g3 Bb7 5. Bg2 Bb4+ 6. Bd2 Bxd2+ 7. Nbxd2 O-O 8.
O-O d6 9. Qc2 c5 10. e4 Nbd7 11. d5 e5 12. Nh4 g6 13. Rfe1 Qe7 14. Nf1 Nh5 15.
Ne3 Ng7 16. Bh3 Nf6 17. Nhg2 Bc8 18. Bxc8 Raxc8 19. Rad1 Nd7 20. Nh4 Nf6 21.
Nf1 Nd7 22. Ne3 Nf6 23. Neg2 Nd7 24. g4 h5 25. h3 Nf6 26. f3 hxg4 27. fxg4 Qd7
28. Qe2 a6 29. Rf1 Nh7 30. Ne3 Ng5 31. Qg2 Qe7 32. Rde1 Nh7 33. Nf3 b5 34. Nd2
Kh8 35. Rf2 f5 36. gxf5 gxf5 37. Qg6 Rf6 38. Qg2 f4 39. Ng4 Rg6 40. Nf3 Nh5 41.
Qf1 N7f6 42. Nh4 Rgg8 43. Nf5 Qd7 44. Rg2 Nxe4 45. Nfh6 Neg3 46. Qd3 Rg7 47.
Qf3 Re8 48. Nf2 Rg6 49. Nhg4 Qf7 50. Ne4 b4 51. Nxg3 Nxg3 52. Rxg3 e4 53. Qf2
f3 54. Ne3 Rxg3+ 55. Qxg3 Rg8 56. Ng4 Qg6 57. Qh4+ Kg7 58. Qe7+ Kh8 59. Qxe4
Qf7 60. Kf2 Rf8 1-0

[Event "Isla de La Palma Torneo Sub 2300"]
[Site "Isla de La Palma ESP"]
[Date "2005.06.03"]
[Round "1.10"]
[White "Majul, Isolina"]
[Black "Perera Gonzalez, Pablo"]
[Result "1/2-1/2"]
[WhiteElo "2103"]
[BlackElo "2211"]
[PlyCount "76"]
[EventDate "2005.06.03"]
[EventType "swiss"]
[EventRounds "9"]
[EventCountry "ESP"]
[Source "lmi"]
[SourceDate "2005.06.11"]

1. e4 c5 2. Nf3 d6 3. d4 cxd4 4. Nxd4 Nf6 5. Nc3 a6 6. f3 e5 7. Nb3 Be6 8. Be3
Nbd7 9. Qd2 b5 10. g4 Nb6 11. g5 Nfd7 12. Nd5 Rc8 13. Nxb6 Nxb6 14. Qa5 Nc4 15.
Qxd8+ Rxd8 16. Bxc4 bxc4 17. Na5 d5 18. Nc6 Rc8 19. Nxe5 Bd6 20. exd5 Bxe5 21.
dxe6 Bxb2 22. exf7+ Kxf7 23. Rb1 Rhe8 24. Kf2 Ba3 25. Rb7+ Kg8 26. Bd4 Re7 27.
Rhb1 Rcc7 28. Rxc7 Rxc7 29. Rb6 a5 30. Rb5 a4 31. Ra5 Rd7 32. Rxa4 Rxd4 33.
Rxa3 Rd2+ 34. Ke3 Rxc2 35. Kd4 Kf7 36. Ra6 Rxh2 37. Kxc4 Rh3 38. a4 Rxf3
1/2-1/2

[Event "Isla de La Palma Torneo Sub 2300"]
[Site "Isla de La Palma ESP"]
[Date "2005.06.03"]
[Round "1.11"]
[White "Lopez Colon, Francisco"]
[Black "Camino Carrio, Nicanor"]
[Result "1/2-1/2"]
[WhiteElo "2206"]
[BlackElo "2102"]
[PlyCount "120"]
[EventDate "2005.06.03"]
[EventType "swiss"]
[EventRounds "9"]
[EventCountry "ESP"]
[Source "lmi"]
[SourceDate "2005.06.11"]

1. d4 Nf6 2. c4 e6 3. Nc3 c5 4. d5 exd5 5. cxd5 d6 6. e4 g6 7. Nf3 Bg7 8. Bd3
O-O 9. O-O a6 10. a4 Bg4 11. h3 Bxf3 12. Qxf3 Nbd7 13. Qg3 Ne5 14. Be2 Nh5 15.
Bxh5 gxh5 16. Bh6 Qf6 17. Bxg7 Qxg7 18. Qxg7+ Kxg7 19. a5 Nc4 20. Ra2 Nd2 21.
Rd1 Nb3 22. Ne2 f5 23. Ra3 c4 24. Ng3 fxe4 25. Nxe4 Rfd8 26. Ng5 Kf6 27. Ne6
Rd7 28. Re1 Kf5 29. f3 Rc8 30. Ra4 Rf7 31. Re4 c3 32. bxc3 Rxc3 33. Rf4+ Kg6
34. Rxf7 Kxf7 35. Nd8+ Ke7 36. Nxb7 Rc7 37. Rb4 Nd2 38. Rb6 Nc4 39. Rc6 Rxb7
40. Rxc4 Rb5 41. Rc7+ Kf6 42. Rc6 Ke5 43. Rxa6 Kxd5 44. Ra7 h6 45. Kf2 Kd4 46.
Rd7 d5 47. a6 Ra5 48. a7 h4 49. Ke2 Ra2+ 50. Kd1 Ke3 51. Rxd5 Rxa7 52. Rh5 Ra1+
53. Kc2 Ra2+ 54. Kc3 Rxg2 55. Rxh4 Rg3 56. Rxh6 Kxf3 57. Kd3 Kg2+ 58. Ke2 Rxh3
59. Rg6+ Rg3 60. Rxg3+ Kxg3 1/2-1/2

[Event "Isla de La Palma Torneo Sub 2300"]
[Site "Isla de La Palma ESP"]
[Date "2005.06.03"]
[Round "1.13"]
[White "Amil Serantes, Jorge"]
[Black "Perez Gutierrez, Nauzet"]
[Result "0-1"]
[WhiteElo "2198"]
[BlackElo "2074"]
[PlyCount "58"]
[EventDate "2005.06.03"]
[EventType "swiss"]
[EventRounds "9"]
[EventCountry "ESP"]
[Source "lmi"]
[SourceDate "2005.06.11"]

1. d4 Nf6 2. Nf3 d5 3. c4 e6 4. Nc3 Bb4 5. e3 O-O 6. Bd3 dxc4 7. Bxc4 c5 8. O-O
b6 9. a3 cxd4 10. exd4 Be7 11. Qe2 Bb7 12. Bg5 Nbd7 13. Rad1 Qc7 14. Ne5 a6 15.
Rfe1 Bd6 16. Ba2 h6 17. Bc1 Rad8 18. Rd3 Nxe5 19. dxe5 Bxe5 20. Rh3 Bf4 21. Rh4
Bxc1 22. Rxc1 Qc5 23. Rc4 Qg5 24. f4 Qg4 25. Qxg4 Nxg4 26. Rc7 Ba8 27. Na4 Rd2
28. R7c2 Rfd8 29. Bb1 Rd1+ 0-1

[Event "Isla de La Palma Torneo Sub 2300"]
[Site "Isla de La Palma ESP"]
[Date "2005.06.03"]
[Round "1.15"]
[White "Gonzalez Ramirez, Manuel"]
[Black "Mora Manez, Julio"]
[Result "1-0"]
[WhiteElo "2194"]
[BlackElo "2063"]
[PlyCount "67"]
[EventDate "2005.06.03"]
[EventType "swiss"]
[EventRounds "9"]
[EventCountry "ESP"]
[Source "lmi"]
[SourceDate "2005.06.11"]

1. Nc3 c5 2. g3 Nc6 3. Bg2 g6 4. Nf3 Bg7 5. O-O d6 6. Rb1 Nf6 7. a3 a5 8. Nb5
O-O 9. d3 Bg4 10. Nd2 d5 11. c4 d4 12. h3 Bd7 13. Kh2 e5 14. Nb3 b6 15. Bg5 h6
16. Bxf6 Bxf6 17. Nd2 Be7 18. Qc1 Kg7 19. Qc2 f5 20. b4 axb4 21. axb4 Nxb4 22.
Rxb4 cxb4 23. Bxa8 Qxa8 24. Nc7 Qc8 25. Nd5 Bc5 26. Ra1 Qb7 27. Qb3 Ra8 28. Rb1
Ra4 29. Nf3 Qb8 30. Qb2 Qd6 31. e3 Bc6 32. exd4 exd4 33. Nxd4 Bxd5 34. Nxf5+
1-0

[Event "Isla de La Palma Torneo Sub 2300"]
[Site "Isla de La Palma ESP"]
[Date "2005.06.03"]
[Round "1.16"]
[White "Watson, Ron H"]
[Black "Angel Acosta, Juan Carlos"]
[Result "0-1"]
[WhiteElo "2060"]
[BlackElo "2187"]
[PlyCount "70"]
[EventDate "2005.06.03"]
[EventType "swiss"]
[EventRounds "9"]
[EventCountry "ESP"]
[Source "lmi"]
[SourceDate "2005.06.11"]

1. d4 Nf6 2. Bg5 Ne4 3. Bf4 c5 4. f3 Nf6 5. dxc5 Qa5+ 6. Nc3 Qxc5 7. e4 d6 8.
Qd2 a6 9. O-O-O e5 10. Be3 Qc7 11. g4 h6 12. h4 Be6 13. Bh3 Nc6 14. g5 Nd7 15.
Nge2 O-O-O 16. Nd5 Qa5 17. Nec3 Kb8 18. Kb1 Rc8 19. gxh6 gxh6 20. a3 Ne7 21.
Bxe6 fxe6 22. Nxe7 Bxe7 23. Bxh6 Rxc3 24. bxc3 Nc5 25. Bg5 Bf8 26. f4 Nxe4 27.
Qd3 d5 28. Rh3 Bxa3 29. c4 Bb4 30. Bf6 Nxf6 31. c3 Ba3 32. Rd2 Ne4 33. Ra2 Rg8
34. Qe3 Qa4 35. cxd5 Qd1+ 0-1

[Event "Isla de La Palma Torneo Sub 2300"]
[Site "Isla de La Palma ESP"]
[Date "2005.06.03"]
[Round "1.17"]
[White "Van Hoolandt, Patrick"]
[Black "Hasenbank, Dirk"]
[Result "1-0"]
[WhiteElo "2181"]
[BlackElo "2057"]
[PlyCount "58"]
[EventDate "2005.06.03"]
[EventType "swiss"]
[EventRounds "9"]
[EventCountry "ESP"]
[Source "lmi"]
[SourceDate "2005.06.11"]

1. d4 Nf6 2. c4 e6 3. Nf3 d5 4. Nc3 c6 5. Bg5 Be7 6. e3 O-O 7. Qc2 Nbd7 8. Bd3
Re8 9. cxd5 exd5 10. h3 Nf8 11. Bf4 b6 12. O-O Ng6 13. Bh2 Bd6 14. Bxd6 Qxd6
15. Rfc1 Qe7 16. Rab1 Ne4 17. b4 Nh4 18. Nxh4 Qxh4 19. Nxe4 dxe4 20. Qxc6 Bxh3
21. Bxe4 Rac8 22. Qb7 Rb8 23. Qc6 Rbc8 24. Qb7 Rb8 25. Qxa7 Qxe4 26. gxh3 Ra8
27. Qxb6 Re6 28. Qc7 Rg6+ 29. Kf1 Qd3+ 1-0

[Event "Isla de La Palma Torneo Sub 2300"]
[Site "Isla de La Palma ESP"]
[Date "2005.06.03"]
[Round "1.18"]
[White "Garcia Rodriguez, Dario"]
[Black "Ros Octavio de Toledo, Eduardo"]
[Result "1/2-1/2"]
[WhiteElo "2051"]
[BlackElo "2176"]
[PlyCount "52"]
[EventDate "2005.06.03"]
[EventType "swiss"]
[EventRounds "9"]
[EventCountry "ESP"]
[Source "lmi"]
[SourceDate "2005.06.11"]

1. d4 d5 2. Nf3 Nf6 3. c4 c6 4. e3 Bf5 5. Nbd2 e6 6. Be2 h6 7. O-O Nbd7 8. a3
a5 9. b3 Bd6 10. c5 Bc7 11. Bb2 O-O 12. b4 axb4 13. axb4 b5 14. cxb6 Nxb6 15.
Rc1 Bd6 16. Ne5 Bxb4 17. Nxc6 Qd6 18. Nxb4 Qxb4 19. Bc3 Qd6 20. Ra1 Rxa1 21.
Qxa1 Ra8 22. Qb2 Rb8 23. Qa2 Ra8 24. Qb2 Rb8 25. Qa2 Ra8 26. Qb2 Rb8 1/2-1/2

[Event "Isla de La Palma Torneo Sub 2300"]
[Site "Isla de La Palma ESP"]
[Date "2005.06.03"]
[Round "1.19"]
[White "Pizarro Segura, Eduardo"]
[Black "Ingunza Lopez, Txema"]
[Result "1-0"]
[WhiteElo "2173"]
[BlackElo "2041"]
[PlyCount "57"]
[EventDate "2005.06.03"]
[EventType "swiss"]
[EventRounds "9"]
[EventCountry "ESP"]
[Source "lmi"]
[SourceDate "2005.06.11"]

1. d4 Nf6 2. Bg5 Ne4 3. Bf4 d5 4. Nd2 Nf6 5. e3 e6 6. Ngf3 Nbd7 7. Bd3 Be7 8.
h3 c6 9. c3 O-O 10. g4 Re8 11. Qc2 g6 12. h4 Nxg4 13. h5 f5 14. hxg6 hxg6 15.
Rg1 Bf6 16. Rg2 e5 17. dxe5 Ndxe5 18. Nxe5 Bxe5 19. Bxe5 Nxe5 20. Bxf5 Bxf5 21.
Qxf5 Qc8 22. Qc2 Qh3 23. Rxg6+ Nxg6 24. Qxg6+ Kh8 25. Qf6+ Kh7 26. Nf3 Rg8 27.
O-O-O Raf8 28. Qxf8 Rxf8 29. Ng5+ 1-0

[Event "Isla de La Palma Torneo Sub 2300"]
[Site "Isla de La Palma ESP"]
[Date "2005.06.04"]
[Round "2.1"]
[White "Perez Gutierrez, Nauzet"]
[Black "Lacrosse, Marc"]
[Result "0-1"]
[WhiteElo "2074"]
[BlackElo "2289"]
[PlyCount "74"]
[EventDate "2005.06.03"]
[EventType "swiss"]
[EventRounds "9"]
[EventCountry "ESP"]
[Source "lmi"]
[SourceDate "2005.06.11"]

1. e4 e5 2. Nf3 Nc6 3. Bb5 a6 4. Bxc6 dxc6 5. O-O Bd6 6. d4 exd4 7. Qxd4 f6 8.
Re1 Ne7 9. Be3 Ng6 10. Nbd2 Be6 11. Rad1 Qe7 12. Nc4 Rd8 13. Nxd6+ cxd6 14. c4
O-O 15. Qc3 Bg4 16. Bb6 Rd7 17. h3 Bxf3 18. Qxf3 Qf7 19. b3 f5 20. Bd4 fxe4 21.
Qxf7+ Rfxf7 22. Rxe4 d5 23. Re8+ Rf8 24. Rxf8+ Nxf8 25. Be5 dxc4 26. Rb1 Rd5
27. f4 Rb5 28. b4 Nd7 29. Bc3 Nb6 30. Re1 Nd5 31. a4 Rb6 32. Bd4 Rxb4 33. Bc5
Rxa4 34. Re8+ Kf7 35. Rf8+ Kg6 36. g4 c3 37. h4 Rxf4 0-1

[Event "Isla de La Palma Torneo Sub 2300"]
[Site "Isla de La Palma ESP"]
[Date "2005.06.04"]
[Round "2.2"]
[White "Cruz, Alfredo"]
[Black "Pizarro Segura, Eduardo"]
[Result "1/2-1/2"]
[WhiteElo "2287"]
[BlackElo "2173"]
[PlyCount "136"]
[EventDate "2005.06.03"]
[EventType "swiss"]
[EventRounds "9"]
[EventCountry "ESP"]
[Source "lmi"]
[SourceDate "2005.06.11"]

1. e4 c5 2. Nf3 Nc6 3. d4 cxd4 4. Nxd4 Nf6 5. Nc3 e5 6. Ndb5 d6 7. Bg5 a6 8.
Bxf6 gxf6 9. Na3 f5 10. Qh5 d5 11. Nxd5 Bxa3 12. O-O-O Nd4 13. Bc4 Be6 14. bxa3
Rc8 15. Rxd4 exd4 16. exf5 Bxd5 17. Re1+ Kd7 18. Bxd5 Qf6 19. Qxf7+ Qxf7 20.
Bxf7 d3 21. Be6+ Kd6 22. Bxc8 Rxc8 23. Kd2 Rxc2+ 24. Kxd3 Rxf2 25. g4 Rxh2 26.
Ke4 Rh4 27. Kf3 Rh3+ 28. Kf4 h5 29. g5 Rh4+ 30. Kf3 Rg4 31. g6 Rg5 32. Ke4 Rg4+
33. Kd3 h4 34. Re4 Rg3+ 35. Re3 Rg5 36. Ke4 Rg4+ 37. Kf3 Rg1 38. Kf4 b5 39. Rh3
Ke7 40. Rxh4 Kf6 41. Rh3 Rg5 42. Rg3 Rxf5+ 43. Ke4 Re5+ 44. Kd4 Re7 45. Kc5 Kg7
46. Kb6 Re6+ 47. Ka5 Rf6 48. a4 bxa4 49. Kxa4 Rf5 50. Rb3 Kxg6 51. Rb6+ Kf7 52.
Rxa6 Ke7 53. Rc6 Kd7 54. Rc4 Rf8 55. a3 Ra8+ 56. Kb3 Rb8+ 57. Ka2 Rc8 58. Rh4
Rc3 59. a4 Kc7 60. Rb4 Kc8 61. Kb2 Rc7 62. Rh4 Kb7 63. Kb3 Rc6 64. a5 Ka6 65.
Kb4 Rg6 66. Rh8 Rg4+ 67. Kc5 Rg5+ 68. Kb4 Rg4+ 1/2-1/2

[Event "Isla de La Palma Torneo Sub 2300"]
[Site "Isla de La Palma ESP"]
[Date "2005.06.04"]
[Round "2.3"]
[White "Morales Camacho, Julian"]
[Black "Aguilar Sevilla, Diego"]
[Result "0-1"]
[WhiteElo "2226"]
[BlackElo "2136"]
[PlyCount "75"]
[EventDate "2005.06.03"]
[EventType "swiss"]
[EventRounds "9"]
[EventCountry "ESP"]
[Source "lmi"]
[SourceDate "2005.06.11"]

1. d4 Nf6 2. Nf3 g6 3. Nc3 Bg7 4. e4 d6 5. Be2 O-O 6. O-O Bg4 7. Be3 Nc6 8. Nd2
Bxe2 9. Qxe2 e5 10. d5 Nd4 11. Qd3 Nd7 12. Nb3 Nxb3 13. axb3 a6 14. b4 f5 15.
f3 f4 16. Bf2 g5 17. Nd1 Rf6 18. g4 h5 19. h3 Rh6 20. Ra3 Nf6 21. Kg2 Qd7 22.
Bg1 hxg4 23. fxg4 Nxg4 24. hxg4 Qxg4+ 25. Kf2 Rh1 26. Qf3 Qh4+ 27. Ke2 g4 28.
Qf2 Qh5 29. c4 Rf8 30. Kd2 Bh6 31. Kc2 Qg5 32. Qg2 Rh4 33. Kb1 f3 34. Qc2 Rh1
35. Be3 Rxf1 36. Bxg5 Bxg5 37. Qh2 Rxd1+ 38. Ka2 0-1

[Event "Isla de La Palma Torneo Sub 2300"]
[Site "Isla de La Palma ESP"]
[Date "2005.06.04"]
[Round "2.4"]
[White "Garcia Jorges, Jose L"]
[Black "Pinto Henriquez, Rodrigo"]
[Result "0-1"]
[WhiteElo "2067"]
[BlackElo "2221"]
[PlyCount "44"]
[EventDate "2005.06.03"]
[EventType "swiss"]
[EventRounds "9"]
[EventCountry "ESP"]
[Source "lmi"]
[SourceDate "2005.06.11"]

1. e4 e5 2. f4 exf4 3. Nf3 g5 4. Bc4 Bg7 5. O-O Nh6 6. d4 O-O 7. c3 d6 8. Qb3
Nc6 9. Bd3 Kh8 10. Na3 a6 11. Bd2 b5 12. Qd5 g4 13. Qxc6 Bd7 14. Qd5 gxf3 15.
Rxf3 Be6 16. Qc6 Ng8 17. e5 dxe5 18. Qc5 Qd6 19. Qxd6 cxd6 20. dxe5 dxe5 21.
Re1 Rad8 22. Bc1 Bg4 0-1

[Event "Isla de La Palma Torneo Sub 2300"]
[Site "Isla de La Palma ESP"]
[Date "2005.06.04"]
[Round "2.5"]
[White "Batista Yanez, Jair"]
[Black "Ortells Perez, Victor Manuel"]
[Result "0-1"]
[WhiteElo "2200"]
[BlackElo "2119"]
[PlyCount "86"]
[EventDate "2005.06.03"]
[EventType "swiss"]
[EventRounds "9"]
[EventCountry "ESP"]
[Source "lmi"]
[SourceDate "2005.06.11"]

1. e4 e5 2. Nf3 Nc6 3. Bb5 a6 4. Ba4 Nf6 5. O-O b5 6. Bb3 Be7 7. Re1 O-O 8. c3
d5 9. exd5 Nxd5 10. Nxe5 Nxe5 11. Rxe5 Nf6 12. d4 Bd6 13. Re1 Ng4 14. h3 Qh4
15. Qf3 Bh2+ 16. Kf1 Bd6 17. Bf4 Bb7 18. Qg3 Nh2+ 19. Qxh2 Bxf4 20. g3 Rae8 21.
Nd2 Bd6 22. gxh4 Bxh2 23. a4 Bf4 24. Re2 Bg2+ 25. Ke1 Bxh3 26. axb5 axb5 27.
Bd5 Bg4 28. f3 Bg3+ 29. Kd1 Be6 30. Bc6 Rb8 31. h5 h6 32. Ne4 Bb3+ 33. Kc1 Bf4+
34. Kb1 Bc4 35. Rg2 Bd3+ 36. Ka2 Ra8+ 37. Bxa8 Rxa8+ 38. Kb3 Rxa1 39. Nf6+ Kf8
40. Nd7+ Ke7 41. Nc5 Bc4+ 42. Kb4 Bd6 43. Rxg7 Ra4# 0-1

[Event "Isla de La Palma Torneo Sub 2300"]
[Site "Isla de La Palma ESP"]
[Date "2005.06.04"]
[Round "2.6"]
[White "Hasenbank, Dirk"]
[Black "Gonzalez Ramirez, Manuel"]
[Result "1/2-1/2"]
[WhiteElo "2057"]
[BlackElo "2194"]
[PlyCount "96"]
[EventDate "2005.06.03"]
[EventType "swiss"]
[EventRounds "9"]
[EventCountry "ESP"]
[Source "lmi"]
[SourceDate "2005.06.11"]

1. Nf3 d5 2. d3 c5 3. Nbd2 Nc6 4. e4 Nf6 5. g3 g6 6. Bg2 Bg7 7. O-O O-O 8. Re1
b6 9. c3 dxe4 10. dxe4 Bg4 11. h3 Bxf3 12. Qxf3 Ne5 13. Qe2 Rc8 14. Nc4 Nxc4
15. Qxc4 Nd7 16. Be3 Ne5 17. Qa6 Qc7 18. Rad1 c4 19. Bf4 Rfd8 20. Bxe5 Bxe5 21.
Bf1 Bd6 22. Kg2 Qc6 23. Rd4 b5 24. Qxc6 Rxc6 25. e5 Bc7 26. Rxd8+ Bxd8 27. Rd1
Bb6 28. f4 Kf8 29. Kf3 Ke8 30. Bg2 Rc7 31. Ke2 e6 32. Bf3 Bc5 33. Rd2 Ke7 34.
g4 Bb6 35. Rd1 g5 36. fxg5 Rc5 37. Be4 Rxe5 38. Kf3 Rxg5 39. Bxh7 Re5 40. Rd2
Kf6 41. h4 a5 42. Be4 Rc5 43. Rd7 Rc7 44. Rxc7 Bxc7 45. Bc6 b4 46. Bb5 bxc3 47.
bxc3 Be5 48. Bxc4 Bxc3 1/2-1/2

[Event "Isla de La Palma Torneo Sub 2300"]
[Site "Isla de La Palma ESP"]
[Date "2005.06.04"]
[Round "2.7"]
[White "Angel Acosta, Juan Carlos"]
[Black "Martinez Rubio, Felipe"]
[Result "1-0"]
[WhiteElo "2187"]
[BlackElo "1907"]
[PlyCount "99"]
[EventDate "2005.06.03"]
[EventType "swiss"]
[EventRounds "9"]
[EventCountry "ESP"]
[Source "lmi"]
[SourceDate "2005.06.11"]

1. d4 Nf6 2. c4 d5 3. Nc3 c6 4. Bg5 Nbd7 5. e3 Qa5 6. Nf3 Ne4 7. Bf4 Ndf6 8.
Qb3 e6 9. Bd3 Bb4 10. Rc1 Nxc3 11. bxc3 Ba3 12. Rc2 O-O 13. O-O Be7 14. Bg5 h6
15. Bh4 Re8 16. Ne5 Qd8 17. Re2 Nd7 18. Bxe7 Qxe7 19. f4 Nf6 20. c5 Rf8 21. Bb1
h5 22. Qd1 g6 23. h3 Kg7 24. g4 hxg4 25. hxg4 Rh8 26. Rg2 Ne4 27. Bxe4 dxe4 28.
g5 Bd7 29. Qc2 Rh3 30. Qxe4 Rah8 31. Ng4 Rh1+ 32. Kf2 Rxf1+ 33. Kxf1 Rh3 34.
Qe5+ Kf8 35. Kf2 a6 36. Rh2 Rxh2+ 37. Nxh2 Ke8 38. Ng4 Kd8 39. Qb8+ Bc8 40. Ne5
Qe8 41. Qd6+ Bd7 42. a4 Kc8 43. Ke2 Kd8 44. Kd3 Qe7 45. Qb8+ Bc8 46. Qd6+ Ke8
47. Nc4 f6 48. Qb8 Qd8 49. Nd6+ Kd7 50. gxf6 1-0

[Event "Isla de La Palma Torneo Sub 2300"]
[Site "Isla de La Palma ESP"]
[Date "2005.06.04"]
[Round "2.8"]
[White "Perez Aleman, Pedro Tomys"]
[Black "De La Cruz Sanchez, Gustavo"]
[Result "1-0"]
[WhiteElo "2134"]
[BlackElo "2279"]
[PlyCount "73"]
[EventDate "2005.06.03"]
[EventType "swiss"]
[EventRounds "9"]
[EventCountry "ESP"]
[Source "lmi"]
[SourceDate "2005.06.11"]

1. Nf3 Nf6 2. c4 g6 3. Nc3 Bg7 4. e4 d6 5. d4 O-O 6. Be2 e5 7. O-O Na6 8. Be3
Ng4 9. Bg5 Qe8 10. dxe5 dxe5 11. h3 h6 12. Bd2 Nf6 13. Be3 Nh5 14. c5 Nf4 15.
Bxa6 bxa6 16. Qd2 g5 17. Nd5 Nxd5 18. exd5 f5 19. c6 Qf7 20. Bc5 Rd8 21. Rfd1
e4 22. Ne1 Rb8 23. Rab1 f4 24. b4 Bf5 25. Rb3 Be5 26. Bxa7 Ra8 27. Bc5 Kh7 28.
a4 Rg8 29. b5 axb5 30. axb5 g4 31. hxg4 Rxg4 32. f3 Rg3 33. b6 e3 34. Qe2 Rag8
35. b7 Bh3 36. b8=Q R8g6 37. Qf8 1-0